000 00377nam a2200157Ia 4500
008 221030s9999 xx 000 0 und d
020 _a8174464573
041 _aEnglish
082 _a105.23
_bJai
100 _aS. Jaisankar
245 0 _aQuantitative Techniques For Managment
260 _bExcel Books
_aNew Delhi
_c2005
300 _a318
650 _aManagement
942 _cBK
999 _c136
_d136